[Event "XXVIII Festival Conca della Presolana A"]
[Site "Bratto - Castione della Presolana ITA"]
[Date "2008.08.29"]
[Round "8"]
[White "Epishin, Vladimir V."]
[Black "Drazic, Sinisa"]
[Result "1/2-1/2"]
[WhiteElo "2574"]
[BlackElo "2505"]
[PlyCount "91"]
[EventDate "2008.08.22"]

1. d4 Nf6 2. Nf3 d5 3. c4 c6 4. Qb3 dxc4 5. Qxc4 Bf5 6. g3 e6 7. Bg2 Nbd7 8.
O-O Be7 9. Bd2 a5 10. Rd1 O-O 11. Be1 h6 12. a4 Qb6 13. Qc1 Bb4 14. Na3 Bxe1
15. Nxe1 Rfd8 16. Nc4 Qb4 17. Qc3 Nd5 18. Qxb4 Nxb4 19. Nd6 Rab8 20. Nxf5 exf5
21. Rdc1 Nf6 22. e3 g6 23. Ra3 Kf8 24. Kf1 h5 25. Ke2 Ke7 26. Rb3 Kd6 27. Nf3
Nd7 28. Nd2 Nb6 29. Ra3 Ra8 30. Nb3 Ra7 31. Raa1 Re8 32. Rc5 Kc7 33. h4 Rea8
34. Kd2 Nd7 35. Rc4 Nb6 36. Rcc1 Rd8 37. Bf1 Raa8 38. Bc4 Nxc4+ 39. Rxc4 b6 40.
Nc1 Rd6 41. Nd3 Nxd3 42. Kxd3 Kb7 43. Kc3 Kc7 44. Rc1 Kb7 45. Rc2 Re8 46. Kb3
1/2-1/2

[Event "XXVIII Festival Conca della Presolana A"]
[Site "Bratto - Castione della Presolana ITA"]
[Date "2008.08.29"]
[Round "8"]
[White "Gallucci, Alessio"]
[Black "Tatai, Stefano"]
[Result "1-0"]
[WhiteElo "2152"]
[BlackElo "2372"]
[PlyCount "43"]
[EventDate "2008.08.22"]

1. e4 c5 2. Nf3 d6 3. d4 cxd4 4. Nxd4 Nf6 5. Nc3 a6 6. Bg5 e6 7. f4 Qb6 8. Qd2
Qxb2 9. Rb1 Qa3 10. Be2 Nbd7 11. O-O Be7 12. e5 dxe5 13. fxe5 Nxe5 14. Bxf6
Bxf6 15. Rxf6 gxf6 16. Ne4 Nd7 17. Rb3 Qe7 18. Nc6 bxc6 19. Nd6+ Qxd6 20. Qxd6
Ne5 21. Bf3 Nxf3+ 22. gxf3 1-0

[Event "XXVIII Festival Conca della Presolana A"]
[Site "Bratto - Castione della Presolana ITA"]
[Date "2008.08.29"]
[Round "8"]
[White "Godena, Michele"]
[Black "Manca, Federico"]
[Result "1/2-1/2"]
[WhiteElo "2519"]
[BlackElo "2367"]
[PlyCount "64"]
[EventDate "2008.08.22"]

1. e4 c5 2. Nf3 Nc6 3. c3 d5 4. exd5 Qxd5 5. d4 cxd4 6. cxd4 e5 7. Nc3 Bb4 8.
Bd2 Bxc3 9. Bxc3 e4 10. Nd2 Nf6 11. Bc4 Qg5 12. d5 Ne5 13. Bb5+ Bd7 14. Bxd7+
Nexd7 15. O-O O-O 16. d6 Rfe8 17. Nc4 Nd5 18. h4 Qf5 19. Ne3 Nxe3 20. fxe3 Qe6
21. Qd4 f6 22. Rac1 b6 23. Bb4 a5 24. Ba3 Qxa2 25. Rc7 Qe6 26. Rfc1 Rad8 27.
Rb7 Rb8 28. Ra7 Ra8 29. Rac7 Rad8 30. Rb7 Rb8 31. Ra7 Ra8 32. Rb7 Rab8 1/2-1/2

[Event "XXVIII Festival Conca della Presolana A"]
[Site "Bratto - Castione della Presolana ITA"]
[Date "2008.08.29"]
[Round "8"]
[White "Griffa, Roberto"]
[Black "Oppici, Gabriele"]
[Result "0-1"]
[WhiteElo "2084"]
[BlackElo "2055"]
[PlyCount "60"]
[EventDate "2008.08.22"]

1. d4 Nc6 2. Bf4 d5 3. e3 e6 4. c4 Bd6 5. Bxd6 Qxd6 6. Nc3 Nf6 7. Nf3 O-O 8. c5
Qe7 9. Bb5 Nb8 10. O-O c6 11. Be2 Nbd7 12. b4 e5 13. b5 Re8 14. Qa4 e4 15. bxc6
exf3 16. Bxf3 bxc6 17. Qxc6 Rb8 18. Nxd5 Nxd5 19. Qxd5 Nf6 20. Qc4 Ne4 21. Rfd1
Nxf2 22. Kxf2 Qxe3+ 23. Kg3 Re6 24. h3 Rg6+ 25. Kh2 Qf4+ 26. Kh1 Bxh3 27. Qd5
Bxg2+ 28. Bxg2 Rh6+ 29. Kg1 Qe3+ 30. Kf1 Rf6+ 0-1

[Event "XXVIII Festival Conca della Presolana A"]
[Site "Bratto - Castione della Presolana ITA"]
[Date "2008.08.29"]
[Round "8"]
[White "Hanly, Steven"]
[Black "Lampl, Gerald"]
[Result "1/2-1/2"]
[WhiteElo "2020"]
[BlackElo "2155"]
[PlyCount "43"]
[EventDate "2008.08.22"]

1. d4 Nf6 2. Nf3 e6 3. e3 c5 4. Bd3 Qc7 5. b3 d5 6. Nbd2 Be7 7. Bb2 O-O 8. a3
a6 9. O-O Nbd7 10. a4 b6 11. Ne5 Nxe5 12. dxe5 Nd7 13. f4 f5 14. g4 g6 15. gxf5
gxf5 16. Qh5 Rf7 17. Kf2 Nf8 18. Rg1+ Ng6 19. Rg2 Rg7 20. Rag1 Bh4+ 21. Kf1 Bd8
22. Qh6 1/2-1/2

[Event "XXVIII Festival Conca della Presolana A"]
[Site "Bratto - Castione della Presolana ITA"]
[Date "2008.08.29"]
[Round "8"]
[White "Horvath, Csaba"]
[Black "Damia, Angelo"]
[Result "1-0"]
[WhiteElo "2537"]
[BlackElo "2247"]
[PlyCount "77"]
[EventDate "2008.08.22"]

1. c4 e5 2. g3 c6 3. d4 Bb4+ 4. Bd2 Bxd2+ 5. Qxd2 d5 6. dxe5 dxc4 7. Qxd8+ Kxd8
8. Nd2 Be6 9. f4 b5 10. Ngf3 Kc7 11. Ng5 Nd7 12. Nxe6+ fxe6 13. Ne4 Nh6 14. Bh3
Rhe8 15. O-O-O Nf7 16. Nd6 Nxd6 17. Rxd6 Nc5 18. Bg2 Rac8 19. Bxc6 Red8 20.
Bxb5 Rxd6 21. exd6+ Kxd6 22. Rd1+ Ke7 23. Bxc4 Ne4 24. b3 Nf2 25. Rd4 Ng4 26.
h3 Nf2 27. h4 Nh1 28. g4 h5 29. gxh5 Ng3 30. Kb2 Nf5 31. Re4 Rc6 32. Re5 Kf6
33. Ra5 Rc7 34. Ra6 Re7 35. Kc3 Nxh4 36. e4 Ng2 37. f5 Nf4 38. Kd4 Nxh5 39.
Bxe6 1-0

[Event "XXVIII Festival Conca della Presolana A"]
[Site "Bratto - Castione della Presolana ITA"]
[Date "2008.08.29"]
[Round "8"]
[White "Jablon, Stephen"]
[Black "Ricci, Alfredo"]
[Result "1-0"]
[WhiteElo "1994"]
[BlackElo "2069"]
[PlyCount "121"]
[EventDate "2008.08.22"]

1. d4 Nf6 2. c4 g6 3. Nc3 d5 4. Nf3 Bg7 5. Bg5 Ne4 6. cxd5 Nxg5 7. Nxg5 e6 8.
Qa4+ c6 9. dxc6 Nxc6 10. Nf3 Bd7 11. Qd1 Qb6 12. Qd2 Nxd4 13. O-O-O e5 14. e3
h5 15. exd4 Bh6 16. Ng5 exd4 17. f4 Bg7 18. Re1+ Kf8 19. Nce4 h4 20. Bd3 Rh5
21. Kb1 f6 22. Nf3 Be6 23. Re2 Ra5 24. a3 Rxa3 25. Nxd4 Bf7 26. Qc2 Ba2+ 27.
Kc1 Ra5 28. Nb5 a6 29. b4 Rxb5 30. Bxb5 Be6 31. Qc5+ Qxc5+ 32. Nxc5 Bg4 33. Ra2
Rc8 34. Bxa6 bxa6 35. Rxa6 Rb8 36. Ne6+ Bxe6 37. Rxe6 Rxb4 38. Rhe1 Rb7 39.
Re8+ Kf7 40. Rc8 Bf8 41. Re3 Bh6 42. Re4 Rd7 43. Kc2 g5 44. f5 Bf8 45. Ree8 Be7
46. Rh8 Kg7 47. Rcg8+ Kf7 48. Rg6 Rd5 49. Rh7+ Ke8 50. Rg8+ Kd7 51. Ra8 Re5 52.
Kd3 Kd6 53. Ra6+ Kd7 54. Rxf6 Kd8 55. Rff7 Ke8 56. Kd4 Re1 57. Rxe7+ Rxe7 58.
Rxe7+ Kxe7 59. Ke5 g4 60. Kf4 h3 61. g3 1-0

[Event "XXVIII Festival Conca della Presolana A"]
[Site "Bratto - Castione della Presolana ITA"]
[Date "2008.08.29"]
[Round "8"]
[White "Korneev, Oleg"]
[Black "Salvador, Roland"]
[Result "1-0"]
[WhiteElo "2631"]
[BlackElo "2443"]
[PlyCount "55"]
[EventDate "2008.08.22"]

1. e4 c5 2. Nf3 Nc6 3. d4 cxd4 4. Nxd4 Nf6 5. Nc3 e5 6. Ndb5 d6 7. Bg5 a6 8.
Na3 b5 9. Nd5 Be7 10. Bxf6 Bxf6 11. c4 b4 12. Nc2 a5 13. g3 O-O 14. h4 Be6 15.
Bh3 a4 16. Bxe6 fxe6 17. Ndxb4 Nxb4 18. Nxb4 Qb6 19. Qd2 Be7 20. a3 Rf3 21. c5
dxc5 22. Nd5 Qb7 23. Nxe7+ Qxe7 24. O-O Rd8 25. Qa5 g5 26. h5 Rdd3 27. Rac1 Qb7
28. Qxc5 1-0

[Event "XXVIII Festival Conca della Presolana A"]
[Site "Bratto - Castione della Presolana ITA"]
[Date "2008.08.29"]
[Round "8"]
[White "Lanzani, Mario"]
[Black "Cordara, Michele"]
[Result "1-0"]
[WhiteElo "2349"]
[BlackElo "2146"]
[PlyCount "51"]
[EventDate "2008.08.22"]

1. e4 c5 2. c3 Nf6 3. e5 Nd5 4. d4 cxd4 5. Nf3 Nc6 6. cxd4 d6 7. Bc4 dxe5 8.
dxe5 Nb6 9. Qxd8+ Nxd8 10. Bb5+ Bd7 11. Nc3 e6 12. O-O Bb4 13. Bxd7+ Kxd7 14.
Rd1+ Ke7 15. Ne4 Nd5 16. a3 Ba5 17. Bg5+ f6 18. exf6+ gxf6 19. Rxd5 exd5 20.
Bxf6+ Ke6 21. Nd4+ Kf7 22. Bxh8 dxe4 23. Nb5 Ke6 24. Bc3 Bb6 25. Re1 Kd5 26.
Bf6 1-0

[Event "XXVIII Festival Conca della Presolana A"]
[Site "Bratto - Castione della Presolana ITA"]
[Date "2008.08.29"]
[Round "8"]
[White "Leon Hoyos, Manuel"]
[Black "Burmakin, Vladimir"]
[Result "0-1"]
[WhiteElo "2543"]
[BlackElo "2625"]
[PlyCount "80"]
[EventDate "2008.08.22"]

1. e4 c6 2. c4 d5 3. exd5 cxd5 4. d4 Nf6 5. Nc3 g6 6. cxd5 Bg7 7. Bb5+ Nbd7 8.
d6 exd6 9. Qe2+ Kf8 10. Nf3 Nb6 11. O-O h6 12. Re1 Kg8 13. Bf4 Kh7 14. Ne4 Nbd5
15. Bg3 Nxe4 16. Qxe4 Be6 17. Nh4 Qb6 18. Bd3 Rhe8 19. Rad1 Nb4 20. Nxg6 f5 21.
Qh4 Nxd3 22. Rxd3 Kxg6 23. Bf4 Qc7 24. Rde3 Qf7 25. Bxd6 Bf6 26. Qh3 Bd7 27.
Bf4 Bg7 28. Qh4 Rxe3 29. Rxe3 Re8 30. Be5 Bxe5 31. dxe5 Kh7 32. Qf4 Qxa2 33. h3
Qd5 34. Kh2 Rg8 35. Rf3 a5 36. b3 Qe4 37. Qd2 Qxe5+ 38. g3 Bc6 39. Re3 Qd5 40.
Re7+ Rg7 0-1

[Event "XXVIII Festival Conca della Presolana A"]
[Site "Bratto - Castione della Presolana ITA"]
[Date "2008.08.29"]
[Round "8"]
[White "Levin, Felix"]
[Black "Bellia, Fabrizio"]
[Result "1-0"]
[WhiteElo "2564"]
[BlackElo "2403"]
[PlyCount "109"]
[EventDate "2008.08.22"]

1. d4 Nf6 2. c4 e6 3. Nf3 d5 4. Nc3 c6 5. e3 Nbd7 6. Bd3 dxc4 7. Bxc4 b5 8. Bd3
Bd6 9. a3 O-O 10. O-O Bb7 11. Qc2 a6 12. b4 a5 13. Rb1 axb4 14. axb4 Qe7 15. e4
e5 16. Ne2 exd4 17. Nexd4 Ne5 18. Nf5 Nxf3+ 19. gxf3 Qc7 20. Nxd6 Qxd6 21. f4
Rfd8 22. Rb3 Qe6 23. f5 Qe5 24. f3 Nh5 25. Bb2 Qf4 26. Bc1 Qe5 27. Re1 Nf4 28.
Bf1 Qd4+ 29. Be3 Qe5 30. Qc1 Nh5 31. Qc2 h6 32. Rc1 Nf6 33. Qg2 Kh8 34. Rbc3
Qe7 35. Qb2 Ra4 36. Rb3 Kg8 37. Bc5 Qe8 38. Bd4 Qe7 39. Rc2 Qd6 40. Be5 Qe7 41.
Rg2 Kh7 42. Bd4 Ne8 43. Bxg7 Rd1 44. Qc2 Rxf1+ 45. Kxf1 f6 46. Bxh6 Rxb4 47.
Rd3 c5 48. Qd1 Bc6 49. Bd2 Ra4 50. f4 Ng7 51. Rh3+ Kg8 52. Qh5 Qf8 53. Qh7+ Kf7
54. Qg6+ Ke7 55. Qxg7+ 1-0

[Event "XXVIII Festival Conca della Presolana A"]
[Site "Bratto - Castione della Presolana ITA"]
[Date "2008.08.29"]
[Round "8"]
[White "Lucaroni, Massimiliano"]
[Black "Shytaj, Luca"]
[Result "1/2-1/2"]
[WhiteElo "2289"]
[BlackElo "2467"]
[PlyCount "82"]
[EventDate "2008.08.22"]

1. e4 Nc6 2. Nf3 Nf6 3. e5 Nd5 4. d4 d6 5. c4 Nb6 6. exd6 exd6 7. h3 Be7 8. Be2
O-O 9. O-O Re8 10. Nc3 Bf5 11. Be3 Bf6 12. Qd2 d5 13. b3 dxc4 14. bxc4 Na5 15.
c5 Nbc4 16. Qc1 Nxe3 17. fxe3 Bg6 18. Qd2 b6 19. cxb6 axb6 20. Rfe1 Bh5 21.
Rad1 c5 22. g4 Bg6 23. Bb5 Rf8 24. Qg2 cxd4 25. Nxd4 Qb8 26. Nd5 Bh4 27. Rf1
Rd8 28. Nf5 Bxf5 29. gxf5 Qe5 30. f6 Qg5 31. fxg7 Qxg2+ 32. Kxg2 Rd6 33. Nf4
Rad8 34. Rxd6 Rxd6 35. Rc1 Kxg7 36. Kf3 Kf8 37. Rc7 Bg5 38. Kg4 Bxf4 39. exf4
Rg6+ 40. Kf3 Rh6 41. Kg4 Rg6+ 1/2-1/2

[Event "XXVIII Festival Conca della Presolana A"]
[Site "Bratto - Castione della Presolana ITA"]
[Date "2008.08.29"]
[Round "8"]
[White "Manfredi, Vincenzo"]
[Black "Narayanan, Srinath"]
[Result "1/2-1/2"]
[WhiteElo "2204"]
[BlackElo "2220"]
[PlyCount "82"]
[EventDate "2008.08.22"]

1. d4 Nf6 2. c4 e6 3. Nc3 Bb4 4. e3 c5 5. a3 Bxc3+ 6. bxc3 O-O 7. Bd3 Nc6 8.
Ne2 b6 9. e4 Ne8 10. O-O Ba6 11. f4 f5 12. Ng3 g6 13. dxc5 bxc5 14. Be3 d6 15.
exf5 exf5 16. Bxf5 gxf5 17. Qd5+ Rf7 18. Qxc6 Bb7 19. Qa4 h5 20. Rab1 h4 21.
Nxf5 Qf6 22. Rxb7 Rxb7 23. Qc2 Rf7 24. g4 hxg3 25. Nxg3 Ng7 26. f5 Re8 27. Qd3
Ref8 28. Rf4 Qe7 29. Rg4 Kh8 30. Bg5 Qe1+ 31. Kg2 Rxf5 32. Nxf5 Rxf5 33. Bh4
Qe6 34. Bg3 Qf7 35. Qxd6 Qb7+ 36. Kh3 Rh5+ 37. Bh4 Qf3+ 38. Qg3 Qf1+ 39. Qg2
Qd3+ 40. Qg3 Qf1+ 41. Qg2 Qd3+ 1/2-1/2

[Event "XXVIII Festival Conca della Presolana A"]
[Site "Bratto - Castione della Presolana ITA"]
[Date "2008.08.29"]
[Round "8"]
[White "Marguerettaz, Davy"]
[Black "Podini, Francesco"]
[Result "1-0"]
[WhiteElo "1987"]
[BlackElo "2051"]
[PlyCount "69"]
[EventDate "2008.08.22"]

1. d4 Nf6 2. c4 c5 3. d5 b5 4. cxb5 a6 5. b6 Qxb6 6. Nc3 g6 7. e4 d6 8. Nf3 Bg7
9. Nd2 O-O 10. Nc4 Qc7 11. g3 Nbd7 12. Bg2 Rb8 13. O-O Rb4 14. Ne3 c4 15. f4 a5
16. Nc2 Rb8 17. Nd4 Nc5 18. Nc6 Rb7 19. e5 Ne8 20. Qd4 Bf5 21. Ne4 Nd3 22. Qxc4
Nxc1 23. Raxc1 dxe5 24. d6 exd6 25. fxe5 dxe5 26. Ng5 Nd6 27. Qd5 h6 28. g4 Rb5
29. Qd2 hxg5 30. gxf5 Nxf5 31. Qxg5 Bh6 32. Qf6 Bg7 33. Qg5 Rxb2 34. Rxf5 gxf5
35. Ne7+ 1-0

[Event "XXVIII Festival Conca della Presolana A"]
[Site "Bratto - Castione della Presolana ITA"]
[Date "2008.08.29"]
[Round "8"]
[White "Marholev, Dimitar"]
[Black "Cebalo, Miso"]
[Result "1/2-1/2"]
[WhiteElo "2366"]
[BlackElo "2523"]
[PlyCount "47"]
[EventDate "2008.08.22"]

1. c4 e5 2. Nc3 Nf6 3. g3 d5 4. cxd5 Nxd5 5. Bg2 Nb6 6. Nf3 Nc6 7. O-O Be7 8.
a3 O-O 9. b4 Be6 10. d3 f6 11. Bb2 a5 12. b5 Nd4 13. Nd2 c6 14. bxc6 Nxc6 15.
Na4 Ra6 16. Rc1 Nxa4 17. Qxa4 Qd7 18. Rfe1 Rd8 19. Nc4 Nd4 20. Qxd7 Rxd7 21.
Bxd4 exd4 22. Rb1 Bxc4 23. dxc4 Bxa3 24. Bxb7 1/2-1/2

[Event "XXVIII Festival Conca della Presolana A"]
[Site "Bratto - Castione della Presolana ITA"]
[Date "2008.08.29"]
[Round "8"]
[White "Moncelli, Giorgio"]
[Black "Gutierrez Castillo, Paloma"]
[Result "1-0"]
[WhiteElo "2105"]
[BlackElo "2157"]
[PlyCount "99"]
[EventDate "2008.08.22"]

1. d4 d5 2. Nf3 Nf6 3. c4 e6 4. Nc3 c6 5. e3 Nbd7 6. Bd3 dxc4 7. Bxc4 b5 8. Bd3
Bd6 9. e4 e5 10. O-O a6 11. Bg5 Bb7 12. a4 O-O 13. Rc1 exd4 14. Nxd4 Nc5 15.
Bb1 Be5 16. Be3 b4 17. Nf3 Ncd7 18. Nxe5 Nxe5 19. Ne2 Re8 20. f3 a5 21. Nd4 Rc8
22. Nb3 Ba6 23. Rf2 Nc4 24. Bd4 Ra8 25. Nc5 Ne5 26. b3 Qe7 27. Rd2 Bc8 28. h3
Ng6 29. Be3 Nh5 30. Bd3 Ngf4 31. Bf1 Qg5 32. Kh2 h6 33. Nd3 Qg3+ 34. Kh1 Nxd3
35. Rxd3 Ba6 36. Rd2 Bxf1 37. Qxf1 Rxe4 38. fxe4 Qxe3 39. Qd3 Qg5 40. Rdc2 Rd8
41. Qf3 Qe5 42. Rc5 Ng3+ 43. Kh2 Nf1+ 44. Kg1 Qh2+ 45. Kxf1 Rd2 46. g4 Rb2 47.
Rxc6 g6 48. Rc8+ Kg7 49. R8c7 Kg8 50. Qxf7+ 1-0

[Event "XXVIII Festival Conca della Presolana A"]
[Site "Bratto - Castione della Presolana ITA"]
[Date "2008.08.29"]
[Round "8"]
[White "Pascucci, Marco"]
[Black "Radice, Luca"]
[Result "1/2-1/2"]
[WhiteElo "2009"]
[BlackElo "2098"]
[PlyCount "104"]
[EventDate "2008.08.22"]

1. d4 d6 2. Nc3 g6 3. e4 Bg7 4. Be3 a6 5. Qd2 b5 6. a3 Bb7 7. h4 h6 8. Nge2 e6
9. Ng3 Ne7 10. Be2 Nd7 11. Rd1 Kf8 12. f4 f5 13. h5 fxe4 14. Ngxe4 Nf5 15. hxg6
Nf6 16. Bd3 Ng4 17. Bg1 Nxd4 18. Bxd4 Bxd4 19. Be2 Be3 20. Qd3 Bxf4 21. Bxg4 e5
22. Nc5 Bc8 23. Bxc8 Qxc8 24. g3 dxc5 25. gxf4 Qg4 26. fxe5 Kg7 27. Qd7+ Qxd7
28. Rxd7+ Kxg6 29. Rh2 Rae8 30. Re2 h5 31. Nd5 Kf5 32. Rf7+ Ke6 33. Rxc7 Kxd5
34. Rd7+ Kc6 35. Rd6+ Kb7 36. Kf2 h4 37. Kg2 h3+ 38. Kh2 Rh5 39. e6 a5 40. Rd7+
Kc6 41. Ra7 Rh6 42. e7 Rh7 43. a4 Kb6 44. Rd7 bxa4 45. c4 Kc6 46. Red2 Rh6 47.
Ra7 Rh7 48. Rdd7 Kb6 49. Rab7+ Kc6 50. Rbc7+ Kb6 51. Ra7 Kc6 52. Rab7 Rhh8
1/2-1/2

[Event "XXVIII Festival Conca della Presolana A"]
[Site "Bratto - Castione della Presolana ITA"]
[Date "2008.08.29"]
[Round "8"]
[White "Pegoraro, Nicola"]
[Black "Osuna Munoz, Xavier"]
[Result "0-1"]
[WhiteElo "2021"]
[BlackElo "2093"]
[PlyCount "50"]
[EventDate "2008.08.22"]

1. e4 e6 2. d4 d5 3. Nd2 Nf6 4. e5 Nfd7 5. Bd3 c5 6. c3 Nc6 7. Ne2 cxd4 8. cxd4
g6 9. O-O Bg7 10. Nf3 Qb6 11. b3 O-O 12. Bg5 Nb4 13. Bb1 f6 14. exf6 Nxf6 15.
Nc3 Nc6 16. Re1 Qb4 17. Na4 Ng4 18. Bd2 Qd6 19. Bc3 e5 20. dxe5 Ncxe5 21. Nxe5
Nxe5 22. f3 b5 23. Be4 Bb7 24. Nb2 Qc5+ 25. Kh1 dxe4 0-1

[Event "XXVIII Festival Conca della Presolana A"]
[Site "Bratto - Castione della Presolana ITA"]
[Date "2008.08.29"]
[Round "8"]
[White "Pesce, Gabriele"]
[Black "Garano, Nicola"]
[Result "0-1"]
[WhiteElo "2102"]
[BlackElo "2265"]
[PlyCount "54"]
[EventDate "2008.08.22"]

1. e4 c5 2. Nc3 Nc6 3. f4 g6 4. Nf3 Bg7 5. Bc4 e6 6. f5 Nge7 7. O-O d5 8. Bb5
dxe4 9. f6 Bxf6 10. Nxe4 Bg7 11. d3 f5 12. Neg5 h6 13. Nh3 Bd7 14. Nf4 Nd4 15.
Bc4 b5 16. Bb3 Nxb3 17. axb3 e5 18. Nxe5 Bxe5 19. Nxg6 Nxg6 20. Qh5 Bd4+ 21.
Kh1 Qb6 22. c3 Bg7 23. Re1+ Kf7 24. Be3 Rae8 25. b4 Bf8 26. g4 Qb7+ 27. Kg1 Qf3
0-1

[Event "XXVIII Festival Conca della Presolana A"]
[Site "Bratto - Castione della Presolana ITA"]
[Date "2008.08.29"]
[Round "8"]
[White "Piasetski, Leon David"]
[Black "Mogranzini, Roberto"]
[Result "1/2-1/2"]
[WhiteElo "2314"]
[BlackElo "2423"]
[PlyCount "117"]
[EventDate "2008.08.22"]

1. d4 Nf6 2. c4 g6 3. Nc3 d5 4. cxd5 Nxd5 5. Na4 Bg7 6. e4 Nb6 7. Be3 O-O 8.
Nc5 N6d7 9. Nb3 a5 10. a4 e5 11. Nf3 Nc6 12. d5 Nb4 13. Be2 Nf6 14. Nfd2 c6 15.
dxc6 Nxc6 16. f3 Nd4 17. Nc4 Nh5 18. O-O Nxe2+ 19. Qxe2 Nf4 20. Qd2 Be6 21.
Qxd8 Rfxd8 22. Nbxa5 Ne2+ 23. Kf2 Nd4 24. b4 Nc2 25. Rad1 Nxe3 26. Nxe3 Rxd1
27. Rxd1 b6 28. Nac4 Rxa4 29. Rd8+ Bf8 30. Nd5 b5 31. Nxe5 Kg7 32. Nc6 Ra2+ 33.
Kg3 Rd2 34. Nf4 Bxb4 35. Nxe6+ fxe6 36. Kf4 Rxd8 37. Nxd8 Bc3 38. e5 b4 39.
Nxe6+ Kf7 40. Nc5 Bd4 41. Nb3 Bg1 42. h3 h5 43. g4 Bh2+ 44. Ke4 hxg4 45. hxg4
g5 46. Kd5 Bg1 47. Kd6 Ke8 48. Ke6 Bb6 49. Kf5 Be3 50. Ke4 Bf4 51. Nd4 Bd2 52.
Kd5 Bc3 53. Nb3 Bb2 54. Kc4 Bc3 55. Nc5 Bxe5 56. Kxb4 Ke7 57. Kc4 Bf4 58. Kd5
Kf6 59. Ne4+ 1/2-1/2

[Event "XXVIII Festival Conca della Presolana A"]
[Site "Bratto - Castione della Presolana ITA"]
[Date "2008.08.29"]
[Round "8"]
[White "Piemonti, Carlo"]
[Black "Cugini, Verter"]
[Result "1/2-1/2"]
[WhiteElo "2051"]
[BlackElo "2167"]
[PlyCount "50"]
[EventDate "2008.08.22"]

1. e4 e6 2. d4 d5 3. Nc3 Nf6 4. e5 Ne4 5. Nxe4 dxe4 6. Bc4 a6 7. Be3 b5 8. Bb3
c5 9. dxc5 Qxd1+ 10. Rxd1 Nd7 11. f4 Bxc5 12. Ke2 Bxe3 13. Kxe3 Nc5 14. Ne2 Bb7
15. Rhf1 Rd8 16. Ng3 f5 17. exf6 gxf6 18. f5 e5 19. Rxd8+ Kxd8 20. Rd1+ Ke7 21.
Rd2 h5 22. Bd5 h4 23. Nxe4 Nxe4 24. Bxe4 Bxe4 25. Kxe4 Rg8 1/2-1/2

[Event "XXVIII Festival Conca della Presolana A"]
[Site "Bratto - Castione della Presolana ITA"]
[Date "2008.08.29"]
[Round "8"]
[White "Piscopo, Pierluigi"]
[Black "Brun, Dario"]
[Result "1/2-1/2"]
[WhiteElo "2389"]
[BlackElo "2245"]
[PlyCount "47"]
[EventDate "2008.08.22"]

1. e4 e5 2. Nf3 Nc6 3. d4 exd4 4. Nxd4 Bc5 5. Nb3 Bb6 6. Nc3 Nf6 7. a4 a6 8. g3
d6 9. h3 O-O 10. Bg2 Re8 11. O-O h6 12. Re1 Be6 13. Be3 Bxe3 14. Rxe3 Qd7 15.
Kh2 Bxb3 16. cxb3 Rad8 17. Qd2 a5 18. Rd1 Re5 19. Kg1 Rc5 20. f4 Nb4 21. Qf2
Qe7 22. e5 Re8 23. Rde1 dxe5 24. fxe5 1/2-1/2

[Event "XXVIII Festival Conca della Presolana A"]
[Site "Bratto - Castione della Presolana ITA"]
[Date "2008.08.29"]
[Round "8"]
[White "Ranfagni, Stefano"]
[Black "Nardelli, Marco"]
[Result "1-0"]
[WhiteElo "2049"]
[BlackElo "2113"]
[PlyCount "109"]
[EventDate "2008.08.22"]

1. e4 c5 2. Nf3 Nc6 3. g3 e6 4. Bg2 Nge7 5. c3 d5 6. exd5 Nxd5 7. O-O Be7 8. d4
cxd4 9. Nxd4 Nxd4 10. cxd4 Bd7 11. Qb3 Bc6 12. Nc3 O-O 13. Re1 Bf6 14. Be3 Rc8
15. Ne4 Be7 16. Rac1 Nxe3 17. Qxe3 Qb6 18. b3 Rfd8 19. Nc5 Bxg2 20. Kxg2 Qc6+
21. f3 Qd5 22. Qe2 b6 23. Ne4 Rxc1 24. Rxc1 Qxd4 25. Rc7 Rd7 26. Rc8+ Bf8 27.
Qc2 h6 28. Ra8 f5 29. Qc8 Rf7 30. Nf2 Qd7 31. Qa6 Qb7 32. Qxb7 Rxb7 33. Nd3 g5
34. Ne5 Kg7 35. Nc6 Bd6 36. Rxa7 Rxa7 37. Nxa7 Kf6 38. g4 fxg4 39. fxg4 Ke7 40.
h3 Kd7 41. Kf3 Bb8 42. Nb5 Kc6 43. a4 Kc5 44. Ke4 Kb4 45. Nd4 Kc3 46. b4 e5 47.
Nc6 Bc7 48. a5 bxa5 49. bxa5 Kd2 50. a6 Bb6 51. a7 Bxa7 52. Nxa7 Ke2 53. Nc6
Kf2 54. Nxe5 Kg3 55. Kf5 1-0

[Event "XXVIII Festival Conca della Presolana A"]
[Site "Bratto - Castione della Presolana ITA"]
[Date "2008.08.29"]
[Round "8"]
[White "Salmoiraghi, Angelo"]
[Black "Cardili, Mariano"]
[Result "1-0"]
[WhiteElo "2106"]
[BlackElo "2100"]
[PlyCount "81"]
[EventDate "2008.08.22"]

1. e4 c6 2. d4 d5 3. e5 Bf5 4. Nf3 e6 5. Be2 c5 6. O-O Nc6 7. Nc3 cxd4 8. Nxd4
Nxd4 9. Qxd4 Ne7 10. Bg5 Nc6 11. Qf4 Be7 12. Bxe7 Nxe7 13. Nb5 O-O 14. Nd4 Qb6
15. b3 Qc7 16. g4 Bg6 17. h4 h6 18. h5 Be4 19. f3 Bh7 20. g5 hxg5 21. Qxg5 Nf5
22. Nxf5 Bxf5 23. f4 f6 24. exf6 Rxf6 25. c4 Be4 26. cxd5 Bxd5 27. Rac1 Qb6+
28. Kh2 Qe3 29. Qe5 Qd2 30. Rc7 Raf8 31. Rg1 R8f7 32. Rxf7 Rxf7 33. Kh3 Qxf4
34. Rxg7+ Kf8 35. Qxf4 Rxf4 36. Rc7 Rf7 37. Rc3 Rf2 38. h6 Rf6 39. Rc8+ Ke7 40.
h7 Rh6+ 41. Kg3 1-0

[Event "XXVIII Festival Conca della Presolana A"]
[Site "Bratto - Castione della Presolana ITA"]
[Date "2008.08.29"]
[Round "8"]
[White "Sax, Gyula"]
[Black "Rombaldoni, Denis"]
[Result "1-0"]
[WhiteElo "2506"]
[BlackElo "2418"]
[PlyCount "57"]
[EventDate "2008.08.22"]

1. e4 c5 2. Nf3 e6 3. d4 cxd4 4. Nxd4 a6 5. Nc3 Qc7 6. g3 Bb4 7. Nde2 Be7 8.
Bg2 d6 9. O-O Nf6 10. a4 Nc6 11. b3 b6 12. Bb2 Bb7 13. Nf4 Ne5 14. Qe2 h5 15.
h4 Nfg4 16. Nd1 g5 17. hxg5 Bxg5 18. Nh3 Bf6 19. f3 Qc5+ 20. Kh1 Bg7 21. f4
O-O-O 22. fxe5 Bxe5 23. Rxf7 Kb8 24. Qc4 Qxc4 25. bxc4 Bxb2 26. Nxb2 h4 27. Ra3
Ne5 28. Rg7 hxg3 29. Raxg3 1-0

[Event "XXVIII Festival Conca della Presolana A"]
[Site "Bratto - Castione della Presolana ITA"]
[Date "2008.08.29"]
[Round "8"]
[White "Sbarra, Marco"]
[Black "Klip, Hans"]
[Result "0-1"]
[WhiteElo "2236"]
[BlackElo "2390"]
[PlyCount "58"]
[EventDate "2008.08.22"]

1. d4 f5 2. g3 Nf6 3. Bg2 g6 4. c4 Bg7 5. Nc3 O-O 6. Nh3 d6 7. d5 Na6 8. O-O
Nc5 9. Nf4 e5 10. dxe6 c6 11. Be3 Qe7 12. Qd2 Ng4 13. Bd4 Ne5 14. b3 Bxe6 15.
Nxe6 Nxe6 16. e3 g5 17. f4 gxf4 18. gxf4 Nxd4 19. exd4 Ng4 20. Rae1 Qf6 21. Rd1
Rae8 22. Rf3 c5 23. dxc5 dxc5 24. Rd3 Qh4 25. Bxb7 Bd4+ 26. Rxd4 cxd4 27. Bd5+
Kg7 28. Qxd4+ Kh6 29. Qd2 Re3 0-1

[Event "XXVIII Festival Conca della Presolana A"]
[Site "Bratto - Castione della Presolana ITA"]
[Date "2008.08.29"]
[Round "8"]
[White "Scalcione, Michelangelo"]
[Black "Vezzosi, Paolo"]
[Result "1-0"]
[WhiteElo "2398"]
[BlackElo "2352"]
[PlyCount "53"]
[EventDate "2008.08.22"]

1. Nf3 Nf6 2. c4 b6 3. g3 Bb7 4. Bg2 c5 5. O-O g6 6. Nc3 Bg7 7. d4 cxd4 8. Qxd4
Nc6 9. Qf4 Rc8 10. Rb1 O-O 11. Qh4 Na5 12. b3 Rc5 13. g4 h5 14. g5 Ng4 15. Bb2
d6 16. h3 Ne5 17. Nxe5 Rxe5 18. Qg3 Bxg2 19. Qxg2 Qa8 20. e4 e6 21. Rbd1 Rd8
22. Rd3 Nc6 23. f4 Nb4 24. Rd2 Rc5 25. Rfd1 Rcc8 26. e5 d5 27. a3 1-0